000 00532nam a2200193Ia 4500
003 GCL
008 140319s9999 xx 000 0 ara d
040 _aGCL /
_cGCL
082 0 4 _a152
_bع م
100 1 _aعبدالرحمن عيسوى
245 1 0 _aمعالم علم النفس /
_cعبدالرحمن عيسوى
300 _a362
490 _a
650 0 4 _aعلم النفس
650 0 4 _aعلم النفس التربوى
650 0 4 _aعلم النفس الفسيولوجى
650 0 4 _aالتعلم
942 _2ddc
_cBK
999 _c38914
_d38914